Statistics for All Districts of Czech Republic on the Map

Click here to take the quiz!

General Stats

  • This quiz has been taken 551 times
  • The average score is 53 of 77

Answers on the Map

Answers color-coded by a green-red scale on the quiz's map according to % correct below.
 

Answer Stats

RegionDistrict% Correct
PraguePrague
96%
Central BohemianPrague-East
96%
Central BohemianPrague-West
96%
South MoravianBrno-City
93%
South MoravianBrno-Country
93%
PlzeňPlzeň-City
91%
PlzeňPlzeň-North
91%
PlzeňPlzeň-South
91%
LiberecLiberec
90%
Ústí nad LabemÚstí nad Labem
90%
PardubiceÚstí nad Orlicí
90%
Hradec KrálovéHradec Králové
89%
Karlovy VaryKarlovy Vary
89%
OlomoucOlomouc
87%
Moravian-SilesianOstrava-City
87%
PardubicePardubice
87%
ZlínZlín
87%
South BohemianČeské Budějovice
81%
VysočinaJihlava
80%
Karlovy VaryCheb
79%
Ústí nad LabemMost
78%
Moravian-SilesianOpava
78%
Ústí nad LabemDěčín
73%
Central BohemianKladno
73%
South BohemianTábor
73%
South BohemianČeský Krumlov
72%
Moravian-SilesianFrýdek-Místek
71%
South MoravianZnojmo
71%
Central BohemianKolín
70%
Central BohemianMladá Boleslav
70%
Moravian-SilesianKarviná
69%
Ústí nad LabemTeplice
69%
South MoravianBřeclav
68%
Ústí nad LabemChomutov
68%
LiberecJablonec nad Nisou
68%
Karlovy VarySokolov
68%
South BohemianPísek
64%
OlomoucJeseník
63%
OlomoucPřerov
63%
South MoravianHodonín
62%
Hradec KrálovéJičín
62%
South BohemianJindřichův Hradec
62%
Central BohemianKutná Hora
62%
OlomoucProstějov
62%
Central BohemianBeroun
61%
LiberecČeská Lípa
61%
Ústí nad LabemLitoměřice
61%
ZlínUherské Hradiště
61%
PardubiceChrudim
60%
Hradec KrálovéTrutnov
60%
Central BohemianBenešov
59%
PlzeňDomažlice
59%
Central BohemianPříbram
59%
OlomoucŠumperk
59%
PardubiceSvitavy
59%
PlzeňKlatovy
58%
Hradec KrálovéNáchod
58%
Moravian-SilesianBruntál
57%
Ústí nad LabemLouny
57%
Moravian-SilesianNový Jičín
57%
South MoravianVyškov
57%
ZlínKroměříž
56%
Central BohemianMělník
56%
VysočinaTřebíč
56%
Central BohemianNymburk
55%
VysočinaPelhřimov
55%
LiberecSemily
55%
South BohemianStrakonice
55%
VysočinaŽďár nad Sázavou
55%
Central BohemianRakovník
54%
PlzeňRokycany
54%
ZlínVsetín
54%
South MoravianBlansko
53%
VysočinaHavlíčkův Brod
53%
PlzeňTachov
53%
South BohemianPrachatice
50%
Hradec KrálovéRychnov nad Kněžnou
45%

Score Distribution

Percentile by Number Answered

Percent of People with Each Score

Your Score History

You have not taken this quiz